| 000 | 00545cam a2200181 4500 | ||
|---|---|---|---|
| 001 | D8381 | ||
| 008 | 090401t1973 xxu||||| |||| 00| 0 eng d | ||
| 035 | _a(Sirsi) u12584 | ||
| 041 | _aeng | ||
| 050 | _a692.9 | ||
| 110 |
_aRoyal Institute of British Architects _92527 |
||
| 245 | _aForm of agreement between an employer and a sub-contractor nominated under the Standard Form of Building Contract 1963 edition, July 1973 revision | ||
| 260 |
_aLondon _bRIBA _c1973 |
||
| 300 | _a3p. 30cm | ||
| 350 | _a0 | ||
| 942 | _n0 | ||
| 948 | _c04/03/1997 | ||
| 999 |
_c87012 _d87012 |
||